| 000 | 00835nam a2200181 4500 | ||
|---|---|---|---|
| 999 |
_c56825 _d56825 |
||
| 005 | 20190508202156.0 | ||
| 008 | 190508c2019 ру ||||| |||| 00| 0 рус d | ||
| 022 | _a2587-6597 | ||
| 041 | _aрус | ||
| 245 |
_aНефтегазовые технологии и аналитика : _b2019 : Февраль. научно-технический и аналитический журнал / _cГл. ред.: Кутасов Н.В. |
||
| 260 |
_aМоскжа : _bНаука, _c2019. |
||
| 300 | _aV. | ||
| 653 | _aნავთობის ტეხნოლოგია და ანალიზი | ||
| 653 | _aНефтегазовые технологии и аналитика : февраль 2019. | ||
| 653 | _aпериодика | ||
| 700 |
_aКутасова Н.В. _eГлавный редактор _9916 |
||
| 942 |
_2udc _cCR |
||